Las seis comedias /

Guardado en:
Autor Principal: Terencio, Africano P
Formato: Libro
Publicado: España : Hernando, 1890
Series:Bibl. Cl sica
Materias:
Etiquetas: Agregar Etiqueta
Sin Etiquetas, Sea el primero en etiquetar este registro!
LEADER 00656nam a22002175a 4500
001 CEM.cems006217
005 20060214000000.0
008 130507s1890##################000#0#####d
003 CEMS
082 0 4 |a 872 
100 1 |a Terencio, Africano P 
245 1 0 |a Las seis comedias / 
260 |a España :  |b Hernando,  |c 1890 
300 |a 387 p. 
490 0 |a Bibl. Cl sica 
505 0 |a La Adriana.- El eunuco.- El atormentador de s¡ mismo.- Los Hermanos.- La suegra.- Formi¢n.- 
653 |a Comedia latina 
653 |a Literatura 
653 |a Literatura latina 
653 |a Poesia dramatica latina 
859 |a CEMS  |b BIB. CEMS - 11 de abril  |h 872  |i T272  |p 5679.76  |t Ej.1